Bản vẽ kĩ thuật : Tiêu chuẩn quốc tế
Tiêu chuẩn chung về bản vẽ kĩ thuật. Biểu diễn quy ước và đơn giản hoá. Ghi chỉ dẫn trên bản vẽ kĩ thuật. Kí hiệu bằng hình vẽ, sơ đồ.
Đã lưu trong:
| 格式: | 图书 |
|---|---|
| 语言: | Undetermined |
| 出版: |
Hà Nội
Giáo dục
2005
|
| 主题: | |
| 标签: |
添加标签
没有标签, 成为第一个标记此记录!
|
| Thư viện lưu trữ: | Trung tâm Học liệu Trường Đại học Cần Thơ |
|---|
| LEADER | 00877nam a2200229Ia 4500 | ||
|---|---|---|---|
| 001 | CTU_124978 | ||
| 008 | 210402s9999 xx 000 0 und d | ||
| 020 | |c 45400 | ||
| 082 | |a 604.2 | ||
| 082 | |b B105 | ||
| 245 | 0 | |a Bản vẽ kĩ thuật : | |
| 245 | 0 | |b Tiêu chuẩn quốc tế | |
| 245 | 0 | |c Biên dịch: Trần Hữu Quế , Nguyễn Văn Tuấn | |
| 260 | |a Hà Nội | ||
| 260 | |b Giáo dục | ||
| 260 | |c 2005 | ||
| 520 | |a Tiêu chuẩn chung về bản vẽ kĩ thuật. Biểu diễn quy ước và đơn giản hoá. Ghi chỉ dẫn trên bản vẽ kĩ thuật. Kí hiệu bằng hình vẽ, sơ đồ. | ||
| 526 | |a Hình họa và vẽ kỹ thuật - CK | ||
| 526 | |b CN132 | ||
| 650 | |a Mechanical drawing | ||
| 904 | |i Giang | ||
| 980 | |a Trung tâm Học liệu Trường Đại học Cần Thơ | ||